000 00475 a2200157 4500
005 20260417102911.0
008 260205b |||||||| |||| 00| 0 eng d
020 _a9789389191974
080 _a179.1=H
_bBIS/M
100 _a Bishwas, Amit Kumar
245 _aMedia samay sahitya (मीडिया समय साहित्य)
260 _bAnanya prakashan.
_aDelhi.
_c2023.
300 _a276p.
653 _aMedia-Ethics of the press-Hindi literature
942 _cOO
999 _c113937
_d113936